000 00297nam a22001337a 4500
008 170718b xxu||||| |||| 00| 0 eng d
020 _a9780132269698
041 _aeng
080 _a2
100 _a24
101 _aTEO
245 _aA HISTORY OF THE MUSLIM WORLD
_cEGGER, V.O
942 _2udc
_cBK
999 _c21432
_d21432